| 000 -LEADER |
| fixed length control field |
00639cam a2200181 a 4500 |
| 020 ## - INTERNATIONAL STANDARD BOOK NUMBER |
| ISBN |
8170363667 (India) : |
| 020 ## - INTERNATIONAL STANDARD BOOK NUMBER |
| ISBN |
080399138X (U.S.) |
| 040 ## - CATALOGING SOURCE |
| Transcribing agency |
DLC |
| 082 00 - DEWEY DECIMAL CLASSIFICATION NUMBER |
| Classification number |
954 SAG 1993 A100 Or. |
| 245 00 - TITLE STATEMENT |
| Title |
Perceiving India, insight and inquiry / |
| 260 ## - PUBLICATION, DISTRIBUTION, ETC. (IMPRINT) |
| Place of publication |
New Delhi ; |
| -- |
Newbury Park, Calif. : |
| Name of publisher |
Sage Publications and India International Centre, |
| Year of publication |
1993. |
| 300 ## - PHYSICAL DESCRIPTION |
| Number of Pages |
277 p. : |
| Other physical details |
ill. ; |
| Dimensions |
25 cm. |
| 520 ## - SUMMARY, ETC. |
| Summary, etc |
Contributed research papers. |
| 700 1# - ADDED ENTRY--PERSONAL NAME |
| Personal name |
Sen, Geeti. |
| 856 42 - ELECTRONIC LOCATION AND ACCESS |
| Uniform Resource Identifier |
http://www.loc.gov/catdir/enhancements/fy0657/93908013-d.html |
| 856 41 - ELECTRONIC LOCATION AND ACCESS |
| Uniform Resource Identifier |
http://www.loc.gov/catdir/enhancements/fy0657/93908013-t.html |
| 942 ## - ADDED ENTRY ELEMENTS (KOHA) |
| Koha item type |
សៀវភៅភាសាអង់គ្លេស |
| 952 ## - LOCATION AND ITEM INFORMATION (KOHA) |
| Withdrawn status [LOCAL, KOHA] |
0 |
| 952 ## - LOCATION AND ITEM INFORMATION (KOHA) |
| Withdrawn status [LOCAL, KOHA] |
0 |